Building with confidence using renewable materials (Record no. 115078)
[ view plain ]
| 000 -LEADER | |
|---|---|
| fixed length control field | 01190cam a22002415a 4500 |
| 001 - CONTROL NUMBER | |
| control field | L158016 |
| 008 - FIXED-LENGTH DATA ELEMENTS--GENERAL INFORMATION | |
| fixed length control field | 121121s2013 xxko f 000 0 eng d |
| 020 ## - INTERNATIONAL STANDARD BOOK NUMBER | |
| International Standard Book Number | 9781848063457 |
| 035 ## - SYSTEM CONTROL NUMBER | |
| System control number | (Sirsi) u158016 |
| 041 0# - LANGUAGE CODE | |
| Language code of text/sound track or separate title | eng |
| 100 1# - MAIN ENTRY--PERSONAL NAME | |
| Personal name | Balson, Kiruthiga |
| 245 04 - TITLE STATEMENT | |
| Title | Building with confidence using renewable materials |
| 260 ## - PUBLICATION, DISTRIBUTION, ETC. | |
| Place of publication, distribution, etc. | Watford |
| Name of publisher, distributor, etc. | BRE |
| Date of publication, distribution, etc. | 2013 |
| 300 ## - PHYSICAL DESCRIPTION | |
| Extent | 16p. |
| Other physical details | ill. |
| Dimensions | 30cm. |
| 490 #0 - SERIES STATEMENT | |
| Series statement | BRE Information Paper |
| Volume/sequential designation | (13/13) |
| 505 2# - FORMATTED CONTENTS NOTE | |
| Formatted contents note | Renewable materials: an overview -- Renewable materials applications -- Case studies -- References -- Tables |
| 520 ## - SUMMARY, ETC. | |
| Summary, etc. | Provides holistic view of renewable building materials industry by outlining the drivers and barriers for these materials, listing the range of applications and highlighting aspects to consider in specifying these materials. For the purpose of this publication, renewable materials are defined as construction products derived from agricultural crops grown for non-food uses and other plant and animal sources. |
| 521 ## - TARGET AUDIENCE NOTE | |
| Target audience note | Advanced |
| 590 ## - LOCAL NOTE (RLIN) | |
| Local note | KA |
| 651 #4 - SUBJECT ADDED ENTRY--GEOGRAPHIC NAME | |
| Geographic name | United Kingdom |
| Chronological subdivision | |
| 690 ## - LOCAL SUBJECT ADDED ENTRY--TOPICAL TERM (OCLC, RLIN) | |
| Topical term or geographic name as entry element | BUILT ENVIRONMENT-BUILDING MATERIALS-NON TIMBER ANIMAL AND VEGETABLE MATERIALS-VEGETABLE MATERIAL |
| 942 ## - ADDED ENTRY ELEMENTS (KOHA) | |
| Suppress in OPAC | 0 |
| Withdrawn status | Lost status | Source of classification or shelving scheme | Damaged status | Not for loan | Home library | Current library | Shelving location | Date acquired | Total Checkouts | Full call number | Barcode | Date last seen | Copy number | Price effective from | Koha item type |
|---|---|---|---|---|---|---|---|---|---|---|---|---|---|---|---|
| Dewey Decimal Classification | London | London | BRE publications | 13/11/2013 | BRE | 30075097 | 06/08/2019 | 1 | 06/08/2019 | Book |